Quản lý dự án xây dựng
Sách trình bày cơ sở lí thuyết quản lí dự án xây dựng; các phương pháp tổ chức quản lí dự án, quản lí hợp đồng, lập kế hoạch và quản lí tiến độ thi công xây dựng, giám sát công trường, quản lí tài chính dự án, quản lí chất lượng...
Na minha lista:
| Autor principal: | |
|---|---|
| Formato: | Livro |
| Idioma: | Undetermined |
| Publicado em: |
Đồng Nai
Tổng hợp Đồng Nai
2005
|
| Assuntos: | |
| Tags: |
Adicionar Tag
Sem tags, seja o primeiro a adicionar uma tag!
|
| Thư viện lưu trữ: | Trung tâm Học liệu Trường Đại học Cần Thơ |
|---|
| LEADER | 01159nam a2200217Ia 4500 | ||
|---|---|---|---|
| 001 | CTU_102489 | ||
| 008 | 210402s9999 xx 000 0 und d | ||
| 020 | |c 78000 | ||
| 082 | |a 338.47624 | ||
| 082 | |b Đ106 | ||
| 100 | |a Nguyễn, Văn Đáng | ||
| 245 | 0 | |a Quản lý dự án xây dựng | |
| 245 | 0 | |c Nguyễn Văn Đáng | |
| 260 | |a Đồng Nai | ||
| 260 | |b Tổng hợp Đồng Nai | ||
| 260 | |c 2005 | ||
| 520 | |a Sách trình bày cơ sở lí thuyết quản lí dự án xây dựng; các phương pháp tổ chức quản lí dự án, quản lí hợp đồng, lập kế hoạch và quản lí tiến độ thi công xây dựng, giám sát công trường, quản lí tài chính dự án, quản lí chất lượng, xử lí sự cố công trình ở Việt Nam và các văn bản pháp qui về quản lí công trình xây dựng | ||
| 650 | |a Construction industry,Industrial project management | ||
| 650 | |x management | ||
| 904 | |i Hiếu, Huỳnh Mai | ||
| 980 | |a Trung tâm Học liệu Trường Đại học Cần Thơ | ||